| 000 | 00473nam a2200181Ia 4500 | ||
|---|---|---|---|
| 003 | GCL | ||
| 008 | 140319s9999 xx 000 0 ara d | ||
| 040 |
_aGCL / _cGCL |
||
| 082 | 0 | 4 |
_a813.03 _bص ت |
| 100 | 1 | _aيوسف ادريس | |
| 245 | 1 | 0 |
_aتلك الرائحة / _cيوسف ادريس |
| 700 | 1 | _aصنع الله ابراهيم | |
| 300 | _a96ص | ||
| 490 | _a | ||
| 650 | 0 | 4 | _aالقصص العربية |
| 650 | 0 | 4 | _aالقصص القصيرة |
| 942 |
_2ddc _cBK |
||
| 999 |
_c38242 _d38242 |
||